000 01238nam a2200217Ia 4500
001 7765
003 AR-BaAGN
005 20231103121054.0
007 ta
008 211213s1880 ag |||||||||||||| ||spa d
040 _aAR-BaAGN
_bspa
_eaacr
100 1 _aRoca, Julio Argentino,
_d1843-1914
_94484
245 1 0 _aDiscurso del Brigadier General D. Julio A. Roca al recibirse de la presidencia de la República ante el Congreso Argentino el 12 de octubre de 1880.
260 _aBuenos Aires :
_bConi,
_c1880.
300 _a15 páginas
336 _2rdacontent
_btxt
337 _2rdamedia
_bn
338 _2rdacarrier
_bnc
501 _aNúmero 1 de 10 obras encuadernadas juntas. Encuadernado junto a: La isla de Martín García: legitimidad del dominio argentino -- Carta abierta al Sr. Dr. Carlos Saavedra Lamas -- Homenaje al doctor Manuel F. Mantilla -- Reseña histórica de Pergamino (1725-1825) -- El maestro de Sarmiento Ignacio Fermín Rodríguez -- El silencio del general San Martín -- Historia de Nicolás I, rey del Paraguay y emperador de los Mamelucos (San Pablo, 1756) -- Candidatura Máximo Paz : conferencias de Juan Angel Martínez -- Sucesos de julio de 1890: mediación incidental del señor Máximo Paz.
942 _cLIBRO
999 _c7765
_d7765